00362nam a2200145Ia 4500003000400000005001700004008004100021040000900062082002200071100001100093245003400104260004600138300000800184650002400192OSt20201130145718.0190216s9999||||xx |||||||||||||| ||und|| coclc a796.420922bNEL/A aNelson 0aAthletics Champions /cNelson bInter India Publications, c1997.aDelhi: a80p aGeneral Collections